Statistiken für Hauptstädte der Welt mit Hints

Klicken Sie hier um das Quiz zu spielen!

Allgemein

  • Dieses Quiz wurde 2.206 mal gespielt
    (2.176 seit der letzten Aktualisierung)
  • Das Durchschnittsergebnis liegt bei 110 aus 201

Antwortstatistiken

HintAntwort% Korrekt
DeutschlandBerlin
93%
Vereinigtes KönigreichLondon
93%
NorwegenOslo
93%
FrankreichParis
93%
NiederlandeAmsterdam
92%
IrlandDublin
92%
SpanienMadrid
92%
BelgienBrüssel
91%
DänemarkKopenhagen
91%
LuxemburgLuxemburg
91%
MonacoMonaco
91%
SchwedenStockholm
91%
ÖsterreichWien
91%
SchweizBern
90%
FinnlandHelsinki
90%
PortugalLissabon
90%
TschechienPrag
90%
PolenWarschau
90%
RusslandMoskau
89%
ItalienRom
89%
UngarnBudapest
88%
TürkeiAnkara
87%
GriechenlandAthen
87%
LettlandRiga
85%
RumänienBukarest
84%
San MarinoSan Marino
84%
VatikanstadtVatikanstadt
84%
UkraineKiew
83%
IslandReykjavík
83%
BulgarienSofia
83%
IsraelJerusalem
82%
WeißrusslandMinsk
82%
JapanTokio
81%
LiechtensteinVaduz
81%
KroatienZagreb
81%
ChinaPeking
80%
IrakBagdad
78%
ÄgyptenKairo
78%
SüdkoreaSeoul
77%
LitauenVilnius
77%
AustralienCanberra
76%
TunesienTunis
75%
AndorraAndorra la Vella
74%
SlowakeiBratislava
74%
SingapurSingapur
74%
IranTeheran
74%
AlgerienAlgier
73%
EstlandTallinn
73%
ThailandBangkok
72%
AlbanienTirana
72%
SyrienDamaskus
71%
AfghanistanKabul
71%
IndienNeu-Delhi
71%
ZypernNikosia
71%
SerbienBelgrad
70%
Bosnien und HerzegowinaSarajevo
70%
MaltaValletta
70%
SlowenienLjubljana
68%
NordkoreaPjöngjang
68%
BrasilienBrasilia
67%
VietnamHanoi
67%
MexikoMexiko-Stadt
67%
MarokkoRabat
67%
Vereinigte StaatenWashington DC
67%
AserbaidschanBaku
66%
MoldawienChisinau
66%
Saudi-ArabienRiad
66%
LibanonBeirut
65%
KuwaitKuwait-Stadt
65%
PakistanIslamabad
64%
MaledivenMale
64%
KanadaOttawa
64%
KosovoPriština
64%
Vereinigte Arabische EmirateAbu Dhabi
63%
MazedonienSkopje
63%
NeuseelandWellington
63%
IndonesienJakarta
62%
MalaysiaKuala Lumpur
62%
PhilippinenManila
62%
TaiwanTaipeh
62%
KubaHavanna
61%
GeorgienTiflis
61%
PeruLima
60%
KeniaNairobi
60%
SüdafrikaPretoria
60%
ArgentinienBuenos Aires
59%
NepalKathmandu
59%
LibyenTripolis
59%
JordanienAmman
56%
KatarDoha
56%
PanamaPanama-Stadt
56%
MontenegroPodgorica
56%
JemenSanaa
56%
El SalvadorSan Salvador
56%
ÄthiopienAddis Abeba
55%
UruguayMontevideo
55%
KolumbienBogotá
54%
DschibutiDschibuti
54%
ArmenienEriwan
54%
ChileSantiago de Chile
54%
KasachstanAstana
53%
BangladeschDhaka
53%
MongoleiUlan-Bator
53%
VenezuelaCaracas
52%
JamaikaKingston
52%
EcuadorQuito
52%
SenegalDakar
51%
UsbekistanTaschkent
51%
GuatemalaGuatemala-Stadt
50%
OmanMaskat
50%
BahrainManama
48%
SomaliaMogadischu
48%
Sri LankaColombo
47%
OsttimorDili
47%
Sierra LeoneFreetown
47%
Demokratische Republik KongoKinshasa
47%
KirgisistanBischkek
45%
AngolaLuanda
45%
São Tomé und PríncipeSão Tomé
45%
BolivienSucre
45%
NamibiaWindhuk
45%
BahamasNassau
44%
KambodschaPhnom Penh
44%
HaitiPort-au-Prince
44%
LaosVientiane
44%
TadschikistanDuschanbe
43%
PalästinaOst-Jerusalem
43%
Dominikanische RepublikSanto Domingo
43%
Guinea-BissauBissau
42%
Republik KongoBrazzaville
42%
GuyanaGeorgetown
42%
GhanaAccra
41%
SimbabweHarare
41%
RuandaKigali
41%
TurkmenistanAschgabat
40%
ParaguayAsunción
40%
SudanKhartum
40%
Costa RicaSan José
40%
MadagaskarAntananarivo
39%
NicaraguaManagua
39%
GabunLibreville
38%
SüdsudanJuba
37%
St. Vincent und die GrenadinenKingstown
37%
TogoLomé
37%
Trinidad und TobagoPort-of-Spain
37%
SeychellenVictoria
37%
NigeriaAbuja
36%
EritreaAsmara
36%
FidschiSuva
36%
UgandaKampala
35%
SambiaLusaka
35%
MosambikMaputo
35%
SurinameParamaribo
35%
HondurasTegucigalpa
35%
BhutanThimphu
35%
MaliBamako
34%
BelizeBelmopan
34%
MalawiLilongwe
34%
Burkina FasoOuagadougou
34%
BeninPorto Novo
34%
SamoaApia
33%
LiberiaMonrovia
33%
Papua-NeuguineaPort Moresby
33%
TansaniaDodoma
32%
SwasilandMbabane
32%
NigerNiamey
32%
BruneiBandar Seri Begawan
31%
GambiaBanjul
31%
BarbadosBridgetown
31%
GuineaConakry
31%
KamerunJaunde
31%
TschadN'Djamena
31%
MauritiusPort Louis
31%
Kap VerdePraia
31%
GrenadaSt. George’s
31%
Zentralafrikanische RepublikBangui
30%
LesothoMaseru
30%
MauretanienNouakchott
30%
Antigua und BarbudaSt. John's
30%
BotswanaGaborone
29%
St. Kitts und NevisBasseterre
28%
TuvaluFunafuti
28%
KomorenMoroni
28%
VanuatuPort Vila
28%
BurundiBujumbura
27%
DominicaRoseau
27%
St. LuciaCastries
26%
Französisch-GuayanaCayenne
26%
NauruYaren
26%
Äquatorial-GuineaMalabo
25%
TongaNuku'alofa
25%
ElfenbeinküsteYamoussoukro
25%
MikronesienPalikir
24%
KiribatiSouth Tarawa
24%
SalomonenHoniara
23%
MyanmarNaypyidaw
23%
MarshallinselnMajuro
21%
PalauMelekeok
19%
West-SaharaEl Aaiún
16%
SomalilandHargeysa
15%
CookinselnAvarua
14%

Verteilung der Resultate

Perzentil nach korrekt beantworteten Fragen

Anzahl Personen mit jedem Resultat

Ihre Resultats-Entwicklung

Sie haben dieses Quiz seit der letzten Aktualisierung nicht gespielt